Responses for Show #2931 - Monday, May 5, 1997

1997 International Tournament semifinal game 1.
From Stockholm, Sweden.

Contestants

[<< previous game]

Tobias Herzig, a chemistry student from Germany

Dana Pernille Hansen, a business college student from Denmark

Boris Levit, a film technician and audio editor from Israel

[next game >>]

Jeopardy! Round responses

WORLD PRESS
(VARLDS-PRESS)
AFRICAN HISTORY
(AFRIKANSK HISTORIA)
NUMBER, PLEASE
(TALET, TACK)
BARNYARD ANIMALS
(DJUR I LAGARIN)
20th CENTURY WOMEN
(1900-TALS-KVINNOR)
SPORTS TERMS
(SPORT-TERMER)
    $100 1
(Dana: What is Toronto?)
(Tobias: What is Ontario?)

Ottawa

BorisDanaTobias
    $100 4
Brazil

Dana
    $100 8
101

Boris
    $100 13
Tennis

Boris
    $200 2
(Boris: What is [**]?)
(Alex: We'll accept.)

the Communist Party (the People's Party accepted)

Boris
    $200 5
Somalia

Tobias
    $200 18
40

Dana
    $200 22
Pig/swine

Boris
    $200 11
Princess Diana

Dana
    $200 9
(Dana: What are darts?)

archery

BorisDana
    $300 3
One week

Dana
    $300 6
Zulu

Dana
    $300 19
360

Boris
    $300 23
[The end-of-round signal sounds.]

a cow

Boris
    $300 12
Benazir Bhutto

Tobias
    $300 10
Cricket

Dana
    $400 16
(Boris: What is Catalonia?)
(Tobias: What is Columbia?)
...
(Alex: We have less than a minute to go.)

Barcelona

BorisDanaTobias
    $400 7
(Boris: What is Mauritania?)

Mali

BorisTobias
    $400 20
64

Dana
    $400 14
jai alai

Triple Stumper
    $500 17
The International Herald Tribune

Dana
    $500 21
(Tobias: What is 49?)

48

BorisTobias
    $500 15
(Dana: What is karate?)
(Tobias: What is judo?)

sumo wrestling

DanaTobias
Triple Stumper

Scores at the first commercial break (after clue 8):

Boris Dana Tobias
$0 $600 $500

Scores at the end of the Jeopardy! Round:

Boris Dana Tobias
$1,200 $1,900 -$600

Double Jeopardy! Round responses

INTERNATIONAL FESTIVALS
(INTERNATIONELLA FESTIVALER)
SCULPTURE
(SKULPTUR)
TRAVEL & TOURISM
(RESOR & TURISM)
THE ELEMENTS
(GRUNDAMMENA)
U.S. PRESIDENTS
(USA:S PRESIDENTER)
LITERARY TRANSLATIONS
(LITTERARAY OVERSATT-NINGAR)
    $200 4
Bulls

Dana
    $200 15
Michelangelo

Boris
    $200 29
[The end-of-round signal sounds.]
(Alex: Unfortunately, Tobias, with -$1800, you will not be around to play Final Jeopardy!, but you will receive $5,000.)

Saint Patrick

Dana
    $200 1
Silver

Boris
    $200 2
Carols

Boris
    $400 5
Melbourne

Tobias
    $400 17
Rome

Dana
    $400 27
El Al

Dana
    $400 3
Nitrogen

Boris
    $400 28
John F. Kennedy

Dana
    $400 8
E

Triple Stumper
    $600 12
(Tobias: What is classic music?)

jazz

BorisTobias
    $600 16
Pablo Picasso

Dana
    $600 21
(Dana: What is the Kirov?)
(Tobias: What is the Puskin Theater?)

the Bolshoi

BorisDanaTobias
    $600 6
Carbon

Dana
    $600 24
(Alex: And we have about a minute left to go.)

George Washington

Tobias
    $600 9
Anna Karenina

Dana
    $800 13
Istanbul

Dana
    $1,500 18
(Dana: Who is Hercules?)

Perseus

Dana
    $800 22
Taj Mahal

Dana
    $1,500 7
(Dana: What is titanium?)

lithium

Dana
    $800 26
Thomas Jefferson

Triple Stumper
    $800 10
Salman Rushdie

Boris
    $1000 14
(Dana: What is Japan?)
(Tobias: What is Malaysia?)

Singapore

DanaTobias
Triple Stumper
    $1000 19
Henry Moore

Tobias
    $1000 23
Trinidad & Tobago

Boris
    $1000 20
Curium

Boris
    $1000 25
Abraham Lincoln

Dana
    $1000 11
(Tobias: What is Sanskrit?)

Bengali

Tobias
Triple Stumper

Scores at the end of the Double Jeopardy! Round:

Boris Dana Tobias
$6,200 $3,300 -$1,800

[wagering suggestions for these scores]

Final Jeopardy! Round responses

NOTABLE NAMES
DanaWho is Mohandas Gandhi?
$3,200
BorisWho's M Ghandi
$401
Mohandas K. Gandhi

Final scores:

Boris Dana Tobias
$6,601 $6,500 -$1,800
Finalist 2nd place: $5,000 3rd place: $5,000

Game dynamics:

Coryat scores:

Boris Dana Tobias
$6,200 $6,300 -$1,800
18 R,
2 W
20 R,
7 W
(including 2 DDs)
6 R,
8 W

Combined Coryat: $10,700

[game clues] [game scores] [suggest correction]

Game tape date: 1997-04-19
The J! Archive is created by fans, for fans. Scraping, republication, monetization, and malicious use prohibited; this site may use cookies and collect identifying information. See terms. The Jeopardy! game show and all elements thereof, including but not limited to copyright and trademark thereto, are the property of Jeopardy Productions, Inc. and are protected under law. This website is not affiliated with, sponsored by, or operated by Jeopardy Productions, Inc. Join the discussion at JBoard.tv.